000 01407nam0a22003011 4500
001 rc\464391
005 20260407073212.0
010 _a5-02-010384-5
_91850
035 _a(NLR Aleph) 005708610
090 _a7353860
_c7353860
100 _a20030616d1988 |||y0rusy50 ca
101 0 _arus
102 _aRU
105 _ay |||||||||
200 1 _aЗападная Европа - эволюция экономической структуры
_f[О.С. Борисова, А.М. Волков, Е.И. Горохова и др.]
_gОтв. ред. В.И. Кузнецов
_gАН СССР, Ин-т мировой экономики и междунар. отношений
210 _aМ.
_cНаука
_d1988
215 _a247, [1] с.
_d22
300 _aАвт. указаны на обороте тит. л.
320 _aБиблиогр. в примеч. в конце глав
701 1 _aБорисова
_bО.С.
_gОльга Станиславовна
702 1 _4340
_8rus
_7ca
_aКузнецов
_bВ. И.
_cд-р юрид. наук
_f1940-2002
_gВалерий Иванович
_3RU\NLR\AUTH\7777488
_960416
712 0 2 _aИнститут мировой экономики и международных отношений
_cМосква
_3RU\NLR\AUTH\883073
_9277290
801 0 _aRU
_bNLR
_gpsbo
801 1 _aRU
_bELAR
_2rusmarc
852 _aNLR
_j88-5/5511
942 _cBOOK
980 _aNB